000 00590nam a2200241Ia 4500
003 GCL
008 140319s9999 xx 000 0 eng d
040 _aGCL /
_cGCL
082 0 4 _aCH
_b688.72
_bA A
100 1 _aROSS, NEIL
245 1 0 _aACTION TOYS /
_cROSS, NEIL
700 1 _aAMERY, HEATHER
700 1 _aARMITAGE, DAVID
260 _a[S.N] :
_bUSBORNE ،
_c1989
300 _a32 P
650 0 4 _aHANDICRAFTS
650 0 4 _aTOYS
650 0 4 _aILLUSTRATED BOOKS, CHILDREN
650 0 4 _aTOY MAKING
650 0 4 _aPAPER TOY MAKING
650 0 4 _aTOYS REPAIRING
942 _2ddc
_cBK
999 _c15791
_d15791